000
00329nam a2200133Ia 4500
100
_a
Quatrani/Terry/ Palistrant J
942
_c
BK
245
_a
Visual modeling with IBM Ratioanal Software architecture and UML
260
_b
Pearson Education
_c
2006
082
_a
5.12
_b
QUA
300
_a
193
546
_a
ENGLISH
999
_c
19481
_d
19481